Capitales et Sports #2 - Statistiques

Statistiques générales
  • Ce quiz a été pris 160 fois
  • Le résultat moyen est 9 sur 12
Statistiques - réponses
Hint Réponse % Correct
Dans quelle capitale se situe le stade Loujniki, théâtre de la finale de la coupe du monde de football en 2018 ? Moscou
92%
Dans quelle capitale asiatique eut lieu la cérémonie d'ouverture des Jeux Olympiques et paralympiques d'été de 2008? Pékin
91%
Quelle capitale Européenne est la première a avoir deux clubs de football qui se sont affronté lors d'une finale de la Ligue des Champions ? Madrid
90%
Dans quelle capitale le club de football de l'étoile Rouge est-il basé ? Belgrade
88%
De quelle capitale européenne le club des Young Boys est-il le club résident ? Berne
88%
Dans quelle capitale se déroule annuellement la finale du Championnat de Football Gaélique à Croke Park ? Dublin
83%
De quelle Capitale le club de BaseBall des Yomiuri Giants est-il le club résident et le plus titré NPB ? Tokyo
81%
Quelle capitale accueille annuelement un Master 1000 sur terre battue, deux clubs de foot jouant dans l'élite et a été la ville hôte des Jeux Olympiques d'été en 1960 ? Rome
75%
Dans quelle ancienne capitale étasunienne la franchise des 76ers est-elle basée ? Philadelphie
68%
De quelle capitale d'Europe le club de Hockey sur Glace des HC Slovan est-il le club résident ? Bratislava
61%
De quelle capitale Africaine le Al Ahly Sporting Club est-il le club résident ? Il est le club le plus titré d'Afrique. Le Caire
61%
De quelle capitale le Club du Rugby des Black Lion est-il le cul résident ? Ce club va disputer sa premier match de coupe d'Europe des clubs lors de la Saison 2024/25. Tbilissi
19%
Aucun quiz correspondant
Distribution des résultats
% des personnes avec chaque résultat
Percentile par nombre de réponses
Votre historique - résultats
Vous n’avez pas pris ce quiz